Missing Word: Female Action Stars Quiz Stats

 Plays Quiz Updated Aug 6, 2014

Support Sporcle.
Go Orange.
Score 0/24 Timer 03:00
0 Plays Today
Actress Missing Word % Correct
Angelina JolieTomb
97.7%
Jennifer LawrenceHunger
96.6%
Milla JovovichThree
96.1%
Angelina JolieSmith
95.8%
Angelina JolieSixty
94.3%
Milla JovovichEvil
89.8%
Milla JovovichJoan
89.7%
Kate BeckinsaleVan
86%
Kate BeckinsalePearl
85.9%
Milla JovovichFifth
82.6%
Kate BeckinsaleRecall
80.6%
Charlize TheronItalian
79.9%
Actress Missing Word % Correct
Sigourney WeaverPoint
79%
Charlize TheronHuntsman
72%
Sigourney WeaverGorillas
69.2%
Jennifer LawrenceHouse
64.9%
Jennifer LawrenceClass
61%
Sigourney WeaverGalaxy
56.2%
Charlize TheronFlux
53%
Jennifer LawrenceBone
45.8%
Angelina JolieWorld
45.7%
Sigourney WeaverResurrection
40.8%
Kate BeckinsaleUnderworld
37.8%
Charlize TheronDays
26%

Today's Daily Dose

You're not logged in!

Compare scores with friends on all Sporcle quizzes.
OR
Log In

From the Vault

Movie Name Swap II

by bruceN

'David Huddleston: The Movie' sounds like a pretty good flick.
Remove Ads.
Support Sporcle.
Get the best of Sporcle when you Go Orange. This ad-free experience offers more features, more stats, and more fun while also helping to support Sporcle. Thank you for becoming a member.

Show Comments

Extras

Top Quizzes Today


Score Distribution

Your Account Isn't Verified!

In order to create a playlist on Sporcle, you need to verify the email address you used during registration. Go to your Sporcle Settings to finish the process.

Report this User

Report this user for behavior that violates our Community Guidelines.

Details: